00345nam a2200145Ia 4500008004100000082001500041100001300056245002400069250000800093260003100101300001000132500002400142650001600166700001700182230524s9999 xx 000 0 und d a681.4bGHA aA.Ghatak 0aOptical Electronics a1ST aNEW DELHIbCambridgec2004 aX;621 aQuantity Number: 2 aElectronics a Thyagarajan